Nervové tkanivo a ischémia

Bibliographic Details
Main Authors: Marossy, Alexander, 1945- (Author), Vaško, Ladislav (Author)
Format: Book
Language:Slovak
PhysicalDescription:110 s. ilustr. 21 cm
Published: Košice Amicus 2006
ISBN:8096744631
Edition:1. vyd.
Subjects:

MARC

LEADER 00000nam a2200000 a 4500
001 vtls008838872
003 SK-MaSNL
005 20260302004643.0
008 240318s2006 xo oa g 000 0 slo
015 |a SNBA2006/08-04180 
020 |a 8096744631  |q (brož.) 
035 |a 44C7CDE4-F633-49A6-849F-ABBB2567100C 
035 |a urn:nbn:sk:snk-aml053 
035 |a urn:nbn:sk:snk-am008odd 
040 |a SNK  |b slo  |c SNK  |e AACR2 
041 0 |a slo 
044 |a xo  |c SK 
072 7 |a 616  |x Patológia. Klinická medicína  |2 konspekt 
080 |a (035)  |2 2001 
080 |a 616-005.4  |2 2001 
100 1 |a Marossy, Alexander,  |d 1945-  |4 aut  |9 7027 
245 1 0 |a Nervové tkanivo a ischémia  |c Alexander Marossy, Ladislav Vaško 
250 |a 1. vyd. 
260 |a Košice  |b Amicus  |c 2006 
300 |a 110 s.  |b ilustr.  |c 21 cm 
366 |e 125 výtl. 
504 |a Bibliogr. s. 70-110 
650 0 7 |a ischémia  |2 SNKPH  |9 16301 
650 0 7 |a nervové tkanivo  |2 SNKPH  |9 50803 
655 7 |a príručky  |2 SNKPH  |9 74364 
700 1 |a Vaško, Ladislav  |4 aut  |9 607250 
919 |a 80-967446-3-1 
958 |a OND 
999 |c 996699  |d 998629 
952 |a SNK  |b SNK  |y PREZ  |7 0  |p 17A0517112  |o snkSC 124535  |i snk2006/16102  |8 0  |0 0  |1 0  |4 0  |d 2006-08-15  |f 1  |l 0  |r 2025-06-06 00:00:00  |w 2026-02-24 
952 |a SNK  |b SNK  |y VYP  |7 0  |p 17A0517111  |o snkSC 124535 D1  |i snk2006/16104  |8 0  |0 0  |1 0  |4 0  |d 2006-08-15  |l 0  |r 2026-02-24 12:06:26  |w 2026-02-24